zpět

Detail výsledku týmu

Na Tahu , Olomouc

Datum a čas kvízu

14 Celkem bodů Celkový počet nahraných bodů na tomto kvízu bez doplňovacích otázek.
7. Pořadí na kvízu Konečné umístění týmu na tomto kvízu.

Zaznamenané odpovědi

# Otázka Odpověď Body Výsledky
1. Katedrála svatého Víta se po č... Petr Pavel 1
2. Ve čtvrtek jsme se dozvěděli,... Katy Perry 1
3. Na jezeře v Mostě padl minulý... C) otužovaly se 1
4. V úterý sjel z výrobní linky p... 815 1
5. Jeden známý fotbalista dostal... Lionel Messi 1
6. Jak zní oficiální anglický náz... Montenegro 1
7. V jistém městě v Královéhradec... Červený Kostelec 0
8. Která známá historická osobnos... Adolf Hitler 0
9. Jak se jmenuje národní park, v... Yellowstonský národní park 1
10. Jak se nazývá německé pohoří,... Černý les (Schwarzwald) 0